Top Players in the NRL 2020 - Statistics

General Stats
  • This quiz has been taken 136 times
  • The average score is 3 of 9
Answer Stats
Position Player % Correct
Fullback James Tedesco
91%
Hooker Cameron Smith
76%
Five-Eighth Luke Keary
35%
Centre Joseph Manu
30%
Lock Jason Taumalolo
25%
Second-Rower Viliame Kikau
18%
Half-Back Mitchell Pearce
14%
Prop Addin Fonua-Blake
6%
Winger Daniel Tupuo
4%
No matching quizzes found
Score Distribution
Percent of People with Each Score
Percentile by Number Answered
Your Score History
You have not taken this quiz